000
00297nam a2200133Ia 4500
008
230917s9999||||xx |||||||||||||| ||und||
040
_e
151472
_a
MAIN
041
_a
English
082
_a
B J334O:D
100
_a
Omkar
245
0
_a
Desh ka prakash Jaiprakash
300
_a
190p p.
942
_c
BK
999
_c
176781
_d
176781